| 000 | 00672nam a2200253 a 4500 | ||
|---|---|---|---|
| 005 | 20210219152843.0 | ||
| 008 | 991125n 000 0 eng u | ||
| 035 | _aUPN01000063315 | ||
| 100 | 1 | _aEvans, Elizabeth D | |
| 222 | _aTEACHER EDUCATION AND SPECIAL EDUCATION | ||
| 245 | _aAIDS : special educators' knowledege and attitudes | ||
| 300 | _a300-306 | ||
| 362 | 0 | _a1992 Vol. 15, no. 4 | |
| 653 | 0 | _aACTITUD DOCENTE | |
| 653 | 0 | _aEDUCACION ESPECIAL | |
| 653 | 0 | _aCONOCIMIENTO | |
| 653 | 0 | _aVIH/SIDA | |
| 700 | 1 | _aMelville, Gayle A., | |
| 700 | 1 | _ecoaut. | |
| 700 | 1 | _aCass, Mike A., | |
| 700 | 1 | _ecoaut. | |
| 904 |
_aAC _b001126 |
||
| 905 | _aArticulo | ||
| 999 |
_c62066 _d62066 |
||